000 00502nam a22001697a 4500
999 _c30567
_d30567
008 190926b ||||| |||| 00| 0 eng d
020 _a9789966287786
040 _aMksU
050 _aHF5661
_b.S25 1991
100 _aSalemi, Nisar Ahmad
245 _aFinancial accounting simplified/
250 _aEast Africa edition
260 _aNairobi
_bSaleemi Publication
_c1991
300 _a494 p. :
_bill. ;
_c21cm
650 _aAccounting
942 _2lcc
_cSH_L_BOOKS
_hHF5661 .S25 1991